LEADER 01501nlm0 2200289 450 001 000031205 005 20161221104710.0 100 $a20161221d2014----km-y0itay50------ba 101 0 $aita 102 $aIT 105 $ay-------001yy 200 1 $aTutela dell\2019ambiente e danno ambientale nel diritto dell\2019unione europea$evecchie problematiche e nuove prospettive$ftesi di dottorato di: Giovanni Moccardi$gtutor: Pierluigi Toriello$brisorsa elettronica 210 $aNapoli$c2014 215 $a1 disco ottico (CD-ROM)$d12 cm 230 $aDati testuali (1 file: 1,47 Mb) 304 $aTit. dell'etichetta 314 $aCoordinatore: Maria Luisa Tufano 328 $aTesi di Dottorato di ricerca in Diritto internazionale e comunitario dello sviluppo socio-economico. 2012-2014 (26. ciclo) : Universit ?degli studi di Napoli "Parthenope". Dipartimento di Giurisprudenza 337 $aRequisiti minimi del sistema: Windows 500 10$aTutela dell\2019ambiente e danno ambientale nel diritto dell\2019unione europea : vecchie problematiche e nuove prospettive$91395747 700 1$aMoccardi,$bGiovanni$0719075 712 02$aUniversit ?degli Studi di Napoli "Parthenope" 801 0$aIT$bUNIPARTHENOPE$c20161221$gRICA$2UNIMARC 912 $a000031205 951 $aTESI Dottorato CD-ROM/227$bmanca inventario$cNAVA1$d2016 996 $aTutela dell\2019ambiente e danno ambientale nel diritto dell\2019unione europea : vecchie problematiche e nuove prospettive$91395747 997 $aUNIPARTHENOPE